[Event "Olympiad-41"]
[Site "Tromsoe"]
[Date "2014.08.03"]
[Round "2.1"]
[White "Le, Quang Liem"]
[Black "Efimov, Igor"]
[Result "1-0"]
[WhiteElo "2710"]
[BlackElo "2408"]
[Annotator "Meulders,R"]
[PlyCount "97"]
[EventDate "2014.08.02"]
[EventType "team-swiss"]
[EventRounds "11"]
[EventCountry "NOR"]
[SourceTitle "CBM 162"]
[Source "ChessBase"]
[SourceDate "2014.09.17"]
[SourceVersion "1"]
[SourceVersionDate "2014.09.17"]
[SourceQuality "1"]
[WhiteTeam "Vietnam"]
[BlackTeam "Monaco"]
[WhiteTeamCountry "VIE"]
[BlackTeamCountry "MNC"]

1. d4 d6 2. Nf3 Nf6 3. c4 Nbd7 4. Nc3 e5 5. e4 Be7 6. Be2 O-O 7. O-O c6 8. Qc2
a6 9. Rd1 Qc7 10. h3 Re8 11. Be3 b6 {This move is too modest. It leaves White
a completely free hand to slowly and methodically build up the pressure on the
queenside, while Black - frustratingly - has to sit idle in passivity.} (11...
exd4 {releases the pawn tension in the centre at once and leads to a Hedgehog
position, with Black waiting on the three lower ranks for White to overreach
himself.} 12. Nxd4 Bf8 13. Rab1 (13. Nf5 $5 Nc5 14. Bf3 Ncd7 15. b3 Ne5 16. Be2
Be6 17. Bg5 Ned7 18. Nd4 b5 19. cxb5 cxb5 20. Rac1 Rac8 21. Qb1 Qb6 22. Be3 Qb7
$11) 13... b6 (13... g6 14. b4 b6 $11) 14. f4 $2 {In Hedgehog positions, the
advance f4 has to be carefully calculated, because more often than not the
weakened e-pawn proves indefensible.} (14. Nf5 $1 Nc5 15. Bf3 Bb7 16. Rd2 g6
17. Nh6+ Kg7 18. Rbd1 $14) 14... Bb7 15. Bf3 b5 $1 16. Nce2 (16. cxb5 cxb5 17.
Rbc1 Nxe4 18. Nd5 Qxc2 19. Nxc2 Rac8 20. Bg4 Rcd8 $17) 16... c5 17. cxb5 Bxe4
18. Bxe4 Rxe4 19. Bf2 Rae8 20. Rd2 Qb7 21. Nc3 Rxd4 22. Bxd4 cxd4 23. bxa6 Qb6
24. Na4 Qxa6 25. Rxd4 d5 26. b4 Qa7 {0-1 (26) Pein,M (2425)-Speelman,J (2583)
West Bromwich 2002}) (11... b5 {is the most active and popular move.} 12. a3
Bb7 13. Rac1 Rac8 14. Qb1 Qb8 15. dxe5 dxe5 16. b4 c5 17. cxb5 cxb4 18. bxa6
Bxa6 19. Bxa6 Rxc3 20. a4 (20. axb4 Rxc1 21. Bxc1 Qxb4 22. Qxb4 Bxb4 23. Bb5
Re7 24. Bb2 h6 25. Bc6 {with only a flimsy advantage for White.}) 20... Bc5 21.
Bxc5 Nxc5 22. Bb5 Rc8 23. Qxb4 Ncxe4 24. Qb2 h6 25. Re1 Nd5 $1 26. Rcd1 Ndf6
27. Qb4 R3c4 28. Qe7 $2 (28. Qxc4 $1 Rxc4 29. Bxc4 $14) 28... R4c5 29. Rd3 $2 (
29. Rb1 $14) 29... Qb6 $15 30. Rf1 Rc2 31. Nxe5 $4 (31. Kh2 $1 Rxf2 32. Rxf2
Qxf2 33. Rd8+ Rxd8 34. Qxd8+ Kh7 35. a5 $11) 31... Rxf2 32. Qxf7+ Kh8 33. Ng6+
Kh7 34. Rxf2 Qxf2+ {0-1 (34) Peskov,A (2381)-Smirnov,I (2423) Ilichevsk 2007})
12. Rac1 Bb7 13. d5 cxd5 (13... c5 14. Rb1 h6 15. b4 Rac8 16. a3 Rb8 17. Nd2
$14) 14. cxd5 Rec8 15. Nd2 Bd8 16. Qb1 Qb8 17. b4 h6 18. Rc2 Rc7 19. Rdc1 Bc8
20. Nc4 Ne8 21. a4 Bg5 {A small success: the exchange of the bad bishop but
Black's position remains as passive as before. This is just like waiting for
the storm to come.} 22. Bxg5 hxg5 23. Bd3 g6 24. Nd1 Bb7 25. Nde3 Qd8 26. Be2
Rb8 27. Qb3 Bc8 28. Qd3 a5 {Black is almost forced to play this, because all
the alternatives are equally unappealing:} (28... Kg7 29. Nxd6 $1 $18) (28...
Nf8 29. a5 b5 30. Nb6 Rxc2 31. Qxc2 $16) (28... Ra8 29. Bg4 Rb8 30. Na3 Rxc2
31. Qxc2 Bb7 32. Nac4 Ndf6 33. a5 Nxg4 34. hxg4 bxa5 35. bxa5 Bc8 36. Nb6 Bd7
37. Nxd7 Qxd7 38. Qc6 Qa7 39. Nc4 Nf6 40. Nb6 Nxe4 41. f3 Nf6 42. Qxd6 $18) 29.
bxa5 bxa5 30. Qa3 Rb4 $2 {But this greatly hastens Black's downfall.} (30...
Ndf6 31. f3 Nh5 32. Rb2 Ba6 33. Kh2 $14) 31. Nxa5 $6 (31. Nxd6 $1 {was much
stronger} Rxc2 32. Nxc2 Nxd6 33. Nxb4 axb4 34. Qxb4 $18) 31... Rxc2 32. Nxc2
Rxe4 33. Nc6 Qf6 34. Ne3 Nc5 35. a5 Nc7 36. Qb2 $2 (36. Rxc5 $1 dxc5 37. Qxc5
Kg7 38. Ne7 Ba6 39. d6 $1 Bxe2 40. dxc7 Ba6 41. c8=Q Bxc8 42. Nxc8 Ra4 43. Nd5
Qa6 44. Nd6 $18) 36... Kg7 37. Qb8 Ba6 38. Bf3 Rxe3 39. fxe3 e4 40. Bg4 Nxd5
41. Qb1 Nxe3 42. Nb4 Nxg4 43. hxg4 Qd4+ 44. Kh1 {Black has defended extremely
well and taken full advantage of White's mistakes. If only his king were on g8
now instead of g7, then he had an easy draw by perpetual check with Qh8 and
Qd4. Alas, this is not so...} Qf2 $2 {This loses at once. The trickiest try
was ...Bc4! but it couldn't have saved the game either, e.g.} (44... Bb7 $6 45.
Qa1 Qxa1 46. Rxa1 Kf6 47. a6 Ba8 48. a7 $16 Ke7 49. Nc2 $16) (44... Bc4 $1 45.
Qa1 Qxa1 46. Rxa1 d5 $1 47. Rc1 $1 (47. a6 $2 Nxa6 48. Nxa6 d4 49. Kg1 e3 50.
Nb4 d3 51. Nxd3 Bxd3 52. Ra3 Be2 53. Rxe3 Bxg4 $11) 47... e3 48. Kg1 Kf8 49.
Re1 d4 50. Rc1 $18) 45. Nxa6 Nxa6 46. Qxe4 Nc5 47. Qf3 Qa2 48. Qc3+ Kh7 49. Qc4
1-0

[Event "EU-Cup 18th"]
[Site "Kallithea"]
[Date "2002.09.25"]
[Round "4.1"]
[White "Kiik, Kalle"]
[Black "Sherwin, James T"]
[Result "1-0"]
[WhiteElo "2450"]
[BlackElo "2344"]
[Annotator "Meulders,R"]
[PlyCount "129"]
[EventDate "2002.09.22"]
[EventType "team-swiss"]
[EventRounds "7"]
[EventCountry "GRE"]
[SourceTitle "CBM 092"]
[Source "ChessBase"]
[SourceDate "2003.02.06"]
[SourceVersion "1"]
[SourceVersionDate "2003.02.06"]
[SourceQuality "1"]
[WhiteTeam "Joensuu"]
[BlackTeam "Bristol"]
[WhiteTeamCountry "FIN"]
[BlackTeamCountry "ENG"]

1. Nf3 Nf6 2. c4 d6 3. d4 Nbd7 4. g3 e5 5. Bg2 c6 6. Nc3 Qc7 7. O-O Be7 8. e4
O-O 9. h3 Re8 10. Re1 ({In zwei bekannten alten Beispielen geht Schwarz an
Raummangel zugrunde:} 10. Be3 Bf8 11. Rc1 (11. Kh2 b6 12. Rc1 Bb7 13. Qc2 Rac8
14. Rfd1 Qb8 15. Qb1 Qa8 16. d5 cxd5 17. cxd5 a5 18. Nd2 Nc5 19. Nc4 $14 {
1-0 Rubinstein,A-Przepiorka,D/Marienbad 1925/HCL (33)}) 11... g6 12. d5 c5 13.
Ne1 Nb6 14. b3 Bg7 15. Nd3 a6 16. Kh2 Nfd7 17. Qd2 Nf8 18. Rce1 f6 19. f4 $16 {
1-0 Gruenfeld,E-Matisons,H/Debrecen 1925/HCL (47)}) 10... Bf8 11. Bg5 h6 12.
Be3 exd4 13. Nxd4 Nc5 14. Qc2 a5 15. b3 g6 $2 {M.E. ist dies zu schwächend
weil schon h6 gespielt wurde. Logisch erscheint:} (15... Bd7 16. Rad1 Re7 17.
Bf4 Rae8 18. Nf5 Bxf5 19. Bxd6 Rxe4 20. Bxe4 Rxe4 21. Nxe4 Bxe4 22. Qxe4 Bxd6
$11) 16. Rad1 $14 {[%csl Rh6]} Nfd7 17. Kh2 Bg7 18. f4 $16 Bf8 {Dieser Zug
sagt es alles: Schwarz ist um einen guten Plan verlegen. Während Weiss seine
Stellung verstärkt, spielt Schwarz bloss die Figuren herum.} 19. a3 Na6 20. Bf2
Nf6 21. Re2 Bg7 22. Rde1 Nd7 23. Nf3 Ndc5 24. Bd4 $16 {Es ist immer eine gute
Idee den königlichen Fianchettolaüfer zu beseitigen.} Ne6 25. Bxg7 Nxg7 {
[%csl Rf6,Rh6]} 26. Rd1 {[%csl Rd6] Dekorwechsel: Druck auf den schwachen
d-Bauer. Dekorwechsel: Druck auf den schachen d-Bauer.} Re7 27. Red2 Ne8 28.
Nd4 Bd7 29. Qb2 Qb6 30. Na4 Qc7 31. Qc3 b6 32. Nc2 Nc5 $6 {Ein typischer Zug
für beginnenden Zeitnot: Schwarz fült sich 'verplichtet' aktive zu werden.
Ödes Herumspielen (etwa Ra7, Bc8) wäre wahrscheinlich weniger schlimm.} 33.
Nxc5 bxc5 34. Ne3 Rd8 35. f5 $5 {Weiss ist dem Lavieren satt.un wird bei
nähernder Zeitkontrolle aktiv.} h5 36. Rf1 Bc8 37. h4 Re5 38. fxg6 fxg6 39.
Rdf2 {Nach der e- und d-Linie, fassen die weisse Türme jetzt die f-Linie ins
Visier.} Be6 40. Nc2 (40. Rf8+ Kh7 41. Nd1 Ng7 42. Nb2 Rxf8 43. Rxf8 Qe7 44.
Rf2 Bd7 45. Nd3 Re6 46. Qxa5 $18) 40... Ng7 41. Ne1 {[%csl Gd3][%cal Ge1d3]} d5
$6 (41... Bg4 42. Nd3 Ree8 43. Nf4 $16 {[%csl Rg6]}) 42. Nd3 $18 {Erzwingt
Qualitätsgewinn. Schwarz steht auf Verlust.} Rxe4 43. Bxe4 dxe4 44. Nxc5 $18 {
Ein weniger optimisticher Schwarzspieler hätte hier schon aufgegeben.} Bf5 45.
Re1 (45. Rd2) 45... Qa7 46. Qe3 Re8 47. Rd2 (47. Rfe2 {/\Nxe4}) 47... Re7 48.
Rd8+ Ne8 49. Qd4 Kf7 50. Kg2 Qc7 51. b4 axb4 52. axb4 e3 53. Ra8 e2 54. Ra2 Bg4
55. Ne4 Qb7 56. c5 Qb5 57. Nc3 Qb7 58. Nxe2 Qb5 59. Nc3 Qb7 60. Rf2+ Bf5 61.
Rxe7+ Qxe7 62. Re2 (62. Ne4) 62... Qa7 63. Rxe8 $1 Qa1 (63... Kxe8 64. Qh8+ Kd7
65. Qg7+ $18 {[%csl Ra7]}) 64. Re2 Bh3+ {Ein letzter Trick:} 65. Kh2 (65. Kxh3
$4 Qh1+ 66. Rh2 Qf1+ 67. Rg2 Qh1+ $11) 1-0

[Event "ARG-ch 72nd"]
[Site "Pinamar"]
[Date "2002.03.18"]
[Round "10"]
[White "Peralta, Fernando"]
[Black "Sorin, Ariel"]
[Result "1/2-1/2"]
[WhiteElo "2490"]
[BlackElo "2512"]
[Annotator "Meulders,R"]
[PlyCount "115"]
[EventDate "2002.03.11"]
[EventType "tourn"]
[EventRounds "13"]
[EventCountry "ARG"]
[EventCategory "9"]
[SourceTitle "CBM 088"]
[Source "ChessBase"]
[SourceDate "2002.03.21"]
[SourceVersion "1"]
[SourceVersionDate "2002.03.21"]
[SourceQuality "1"]

1. Nf3 Nf6 2. c4 d6 3. d4 Nbd7 4. Nc3 e5 5. e4 c6 6. Be2 Be7 7. O-O a6 8. d5
Nc5 9. Qc2 cxd5 10. cxd5 Qc7 {[%csl Rc2] /\ ....Ncxe4} 11. Na4 {[%csl Rc7] So
bekommt Weiss zwangslaüfig einen gedechten Freibauer d5.} Bd7 (11... b6 $4 12.
b4 Ne6 13. Qxc7 Nxc7 14. Nxb6 $18) 12. Nxc5 dxc5 13. a4 O-O 14. a5 Bb5 15. b3 (
15. Bc4 Bd6 16. h3 Rfe8 $6 17. Be3 Qe7 $6 18. Qd3 Bd7 $2 19. Bg5 h6 20. Bh4 Qf8
$2 21. Bxf6 gxf6 22. Nh4 $18 {1-0 Vierling,J-Nissen,J/Baden 1991/EXT 2002 (45)}
) 15... Bd6 {[%csl Rd6] Ein veredelter Bauer. Auf d6 sollte natürlich der
Springer stehen (Blockadefeld vor Pd5) aber den Pe5 muss gedeckt bleiben.} (
15... Ne8 16. Bb2 f6 17. Rfc1 Nd6 {[%csl Re7] und dann muss man noch
'lediglich' eine Beschäftigung für Be7 finden.}) 16. Bc4 Qd7 17. Qe2 Nh5 $1 {
Nützt den Umstand dass nach Nxe5 Bxe5 den Ra1 angegriffen ist.} 18. g3 g6 19.
Bh6 Rfe8 (19... Ng7 20. Qb2 Rae8 (20... Rfe8) 21. Bxb5 axb5 22. a6 bxa6 23.
Rxa6 $16) 20. Nh4 Ng7 21. g4 $6 Qe7 22. Ng2 Bd7 23. Kh1 Kh8 24. Bd3 Rg8 (24...
f5 $5) 25. f3 Ne8 {/\...g5;...Qf6} 26. Bd2 (26. Qf2 g5 27. h4 $8 f6 $17) 26...
Nc7 27. Ne3 {[%cal Ge3c4]} Nb5 {[%cal Gb5d4]} 28. Bxb5 {Erzwungen;Weiss darf
den N nicht nach d4 lassen.} axb5 $1 (28... Bxb5 29. Nc4) 29. Bc3 f6 {Bd6 ist
noch immer nur ein veredelter Bauer, aber die schwarze Stellung ist sehr fest.}
30. Qd2 Kg7 31. Nc2 b4 32. Bb2 Bb5 33. Rg1 Ra6 {[%csl Ra5] /\...Rga8} 34. g5
Rf8 (34... Rga8 35. gxf6+ Qxf6 36. f4 Rxa5 37. Rxa5 Rxa5 38. Ne3 $1 (38. Rg5 $2
Ra2 $17) 38... Kf8 (38... Qxf4 $4 39. Nf5+ $1 $18) 39. Qg2 Qxf4 40. Nf5 $1 $16)
35. f4 exf4 36. gxf6+ {Die richtige Entscheidung: Schwarz gibt eine Qualität
und behält danach eine feste Stellung.} Rxf6 37. Bxf6+ Kxf6 (37... Qxf6) 38.
Rge1 Qe5 39. Qg2 Bd7 40. Rf1 Kg7 $11 {[%csl Ra3,Rc2,Gc4,Re3]} 41. Qf3 Bb5 42.
Rfe1 Ra8 {Materiell und positionell kann Schwarz zufrieden sein. Er hat sogar
die Stellung im Griff. Der Nc2 ist nicht weniger unglücklich postiert als der
Bd6.} 43. Ra2 h5 44. Na1 $2 Kh6 45. Qh3 Re8 {Verhindert Damentausch.} 46. Rg2
g5 {Jetzt bekommt Schwarz sogar eine starke Initiative.} 47. Nc2 c4 {Angriff
auf beide Flügel.} 48. Rd1 Bc5 49. bxc4 Bxc4 50. d6 b3 51. Ne1 Qxe4 52. Nf3 (
52. d7 $4 Qxe1+ 53. Rxe1 Rxe1+ 54. Rg1 Rxg1#) 52... g4 $2 {Führt nur zum Remis.
} (52... Be6 $1 {war am einfachsten:} 53. Nxg5 Bxh3 54. Nxe4 Bxg2+ 55. Kxg2
Rxe4 56. d7 Be7 57. d8=Q Bxd8 58. Rxd8 Rb4 $19) 53. Qh4 Qxf3 54. Qf6+ Kh7 55.
Qf5+ Kg7 56. Qg5+ Kf8 57. Qf6+ Kg8 58. Qg6+ 1/2-1/2

[Event "St Petersburg-ch 78th"]
[Site "St Petersburg"]
[Date "2005.03.23"]
[Round "7"]
[White "Ivanov, Sergey"]
[Black "Loginov, Valery A"]
[Result "0-1"]
[WhiteElo "2574"]
[BlackElo "2507"]
[Annotator "Meulders,R"]
[PlyCount "62"]
[EventDate "2005.03.17"]
[EventType "tourn"]
[EventRounds "11"]
[EventCountry "RUS"]
[EventCategory "10"]
[SourceTitle "CBM 106"]
[Source "ChessBase"]
[SourceDate "2005.06.06"]
[SourceVersion "1"]
[SourceVersionDate "2005.06.06"]
[SourceQuality "1"]

1. d4 Nf6 2. c4 d6 3. Nc3 Nbd7 4. Nf3 c6 5. e4 e5 6. Be2 Be7 7. O-O O-O 8. Be3
a6 9. d5 (9. h3 b5 10. c5 Qc7 11. cxd6 Bxd6 12. Rc1 Qb8 13. Qc2 Re8 14. Rfd1
Bb7 15. dxe5 $14 (15. d5 $2 cxd5 16. Nxd5 Nxd5 17. exd5 Nf6 $17 {0-1
Akhmilovskaya,E-Lobron,E/New York 1989 (55)})) 9... h6 (9... c5 10. a3 Ne8 11.
b4 b6 12. g3 g6 13. Ne1 Ng7 14. Nd3 f5 15. f3 Bg5 16. Bf2 (16. f4) 16... h5 17.
Rb1 Nf6 18. bxc5 bxc5 $14 {1/2-1/2 Kaidanov,G-Danailov,S/Moscow 1986 (56)}) (
9... cxd5 10. cxd5 b5 11. Nd2 Nb6 12. a4 Nxa4 13. Nxa4 bxa4 14. Rxa4 Bd7 15.
Ra3 a5 16. h3 Rb8 17. Qc2 a4 18. Rfa1 Rb4 19. Nc4 $14 {1/2-1/2 Cvitan,
O-Christiansen,L/New York 1987 (51)}) (9... Ng4 10. Bd2 c5 11. a3 g6 12. b4 b6
13. Na4 Ngf6 14. Qc2 Ne8 15. Bh6 Ng7 16. Bd3 Nf6 17. bxc5 bxc5 18. Rab1 $16 {
1-0 Lagunow,A-Chuchelov,V/Novosibirsk 1989 (54)}) (9... g6 10. Bh6 Re8 11. Nd2
cxd5 12. cxd5 {1/2-1/2 Maksimenko,A-Topalov,V/Vrnjacka Banja 1991 (12)}) 10.
Nd2 c5 11. a3 Nh7 12. g3 $14 Bg5 {Einige typische Motive: Weiß greift an am
Königsflügel, Schwarz am Damenflügel und Schwarz möchte natürlich seinen
schlechten schwarzfeldrigen Läufer tauschen, was Weiß verhindern will.} 13. f4
exf4 14. gxf4 Bf6 15. Bd3 $14 {[%csl Rh7][%cal Gd3h7] Der Hauptmangel bei
Schwarz ist die passive Lage des Nh7.} Re8 16. Qf3 Rb8 17. Kh1 b5 {Gemäß Plan:
Schwarz am Damenflügel, Weiß am Königsflügel.} 18. Rg1 {[%csl Rg8][%cal Gg1g7]}
b4 19. axb4 Rxb4 20. Qh5 {[%csl Rg8][%cal Gh5h6,Gh5h7,Gg1g8]} g6 (20... Rxb2 $5
21. e5 dxe5 22. Qxh6 Ndf8 23. f5 Ng6 24. Rxg6 (24. Qh3 Nf4 25. Qf1) 24... fxg6
25. Qxg6) 21. e5 $1 {[%csl Rh7][%cal Gd3g6]} Kh8 {[%csl Rh5][%cal Gg6h5]} 22.
Bxg6 $1 fxg6 23. Rxg6 Nxe5 24. fxe5 Rxe5 25. Qxh6 Bf5 26. Rg3 (26. Rg2 $5 {
[%cal Gg2d2]} Rxb2 27. Rxa6 Qe8 28. Ra7 $18) 26... Rxb2 27. Bf4 (27. Rxa6 Rxe3
28. Qxe3 Bg5 29. Qf3 $18) 27... Re7 28. Rf1 Qe8 29. Bxd6 $4 {Ein furchtbares
Übersehen.} (29. Nd1 $1 Rb6 30. Ne3 Bd3 31. Rfg1 Bd4 32. h3 $18) 29... Re1 30.
Rgg1 (30. Rxe1 Qxe1+ 31. Rg1 Qxd2 32. Qh5 $1 Qe3 33. Qxf5 Rf2 34. Qc8+ Bd8 35.
Qg4 $3 $18 (35. Qxd8+ Rf8 36. Bxf8 Qf3+ 37. Rg2 Qf1+ 38. Rg1 Qf3+ $11)) 30...
Rxf1 31. Rxf1 Bg5 $19 0-1

[Event "Rijeka Liburnija 1st"]
[Site "Rijeka"]
[Date "2005.04.11"]
[Round "1"]
[White "Saric, Ante"]
[Black "Vukic, Milan"]
[Result "0-1"]
[WhiteElo "2472"]
[BlackElo "2468"]
[Annotator "Meulders,R"]
[PlyCount "102"]
[EventDate "2005.04.11"]
[EventType "tourn"]
[EventRounds "11"]
[EventCountry "CRO"]
[EventCategory "10"]
[SourceTitle "CBM 107"]
[Source "ChessBase"]
[SourceDate "2005.08.01"]
[SourceVersion "1"]
[SourceVersionDate "2005.08.01"]
[SourceQuality "1"]

1. d4 Nf6 2. c4 d6 3. Nc3 Nbd7 4. e4 e5 5. Nf3 c6 6. Be2 Be7 7. O-O O-O 8. Re1
a6 9. Rb1 (9. a4 a5) 9... Re8 10. Bf1 Qc7 11. b4 exd4 12. Nxd4 Ne5 13. a4 (13.
Qc2 Bd7 14. Bf4 Rac8 15. Nb3 Be6 16. Nd1 b5 17. Ne3 Nh5 18. Bg3 Nxg3 19. hxg3
Qa7 20. Rbc1 bxc4 21. Nxc4 Nxc4 22. Bxc4 d5 23. Bd3 Bxb4 $19 {0-1 Ho,
A-Spraggett,K/Winnipeg 1994 (42)}) (13. f4 Ng6 14. g3 Bf8 15. Bg2 Bg4 16. Qd3
Bd7 17. h3 Rad8 18. Be3 b5 19. Kh2 c5 20. Nc2 cxb4 21. Nxb4 bxc4 22. Qd4 Qc8
23. Nbd5 Nxd5 24. Nxd5 Bc6 25. Qxc4 Bxd5 26. Qxd5 $18 {1-0 Bacrot,E-Dragorad,Z/
playchess.com INT 2004 (64)}) 13... Bd7 14. Qb3 Rad8 15. h3 {[%csl Rg4][%cal
Gc1e3]} Bc8 16. Be3 h6 17. f4 Ng6 18. Nf3 Nh5 $1 {[%csl Rf4]} 19. f5 (19. a5 $5
Rd7 20. Bb6 Qb8 21. f5 $16) 19... Nh4 (19... Ne5 20. Nxe5 dxe5 21. a5 Rd7 22.
Bb6 Qb8 23. Rbd1 Ng3 24. Bd3 $16 Nh5 25. Bc2 Nf4 26. Kh2 Bg5 27. g3 Nh5 $16)
20. Qd1 Nxf3+ 21. Qxf3 Nf6 22. Qg3 {[%csl Rc7,Rh6][%cal Gg3c7]} Kh8 23. Bd4 (
23. a5 Nd7 24. Bd3 Bf6 25. Rbc1 $16) 23... Bf8 24. Qf4 $6 ({Logisch ist} 24.
Bxf6 gxf6 25. Be2 $18 {Der lästige schwarze N ist beseitigt und die schwarze
Königsstellung is zerschmettert.}) 24... Kg8 25. Re3 (25. Bxf6) 25... Nd7 26.
Rg3 {[%csl Rh6]} Kh7 27. Qf2 (27. a5 $18) 27... Qb8 28. Be2 $5 {[%csl Rf7]
[%cal Ge2h5]} ({Das aktive} 28. f6 {schien selbstverständlich angewiesen, aber
so einfach ist es nicht, weil der P f6 schwach werden kann.:} g6 29. Ba7 Qc7
30. a5 Re6 31. Bd4 Qb8 32. Rf3 Ne5 33. Bxe5 Rxe5 34. Bd3 Qc7 {und Weiss kommt
nicht leicht weiter.}) 28... Ne5 (28... c5 $5 29. Be3 cxb4 30. Ba7 Qa8 31. Nd5
Nc5 32. Bxc5 dxc5 33. Nc7 $14) 29. Bh5 (29. Ba7 $5 Qa8 30. Bb6 Rd7 31. f6 Re6 (
31... g6 32. a5 $18) 32. fxg7 Bxg7 33. Rf1 $18) 29... Rd7 30. a5 (30. f6) 30...
Qc7 31. Bb6 Qb8 32. b5 $2 (32. f6 g6 (32... Nxc4 $18 33. fxg7 Bxg7 34. Bxf7 $18
) 33. Be2) 32... Qa8 (32... Nxc4 $1 33. f6 g6 34. Bg4 axb5 35. Bxd7 Bxd7 $15)
33. Bd4 $2 {Damit verpatzt Weiss die letzte Chance.} (33. f6) 33... axb5 34.
cxb5 Qxa5 35. Bb6 Qa8 $11 36. Rb4 d5 37. Ra4 Qb8 38. exd5 cxd5 39. Ba7 (39. f6
g6 40. Be2 $11) 39... Qc7 40. Bb6 Qd6 {Schwarz will mehr als Zugwiederholung.}
41. Bd4 Nc4 42. Bf3 $4 (42. Ra8) 42... Qf4 $2 (42... Nb2 $1 $18 {[%csl Gd3,Rg3]
[%cal Gb2d3,Gd3f2,Gd3e1]}) 43. Nxd5 Qc1+ 44. Kh2 Re1 45. Rxg7+ $4 {In völliger
Panik bringt Weiss sich selbst sofort um.Die Lage war nicht gerade rosig, aber
seiltanzend hätte Weiss seinem Gegner doch noch gewisse Probleme bereiten
können.} (45. Rg4 Rh1+ 46. Kg3 h5 47. Rh4 Qg5+ 48. Bg4 Bd6+ 49. Kf3 Nd2+ 50.
Ke2 Ne4 51. Rxh5+ Qxh5 $15 52. Bxh5 Nxf2 53. Kxf2 Bh2 54. Bf3 Bg1+ 55. Ke2 Bxd4
56. Rxd4 $15) 45... Bxg7 $19 46. Bxg7 Rh1+ 47. Kg3 Qg5+ 48. Bg4 Rxd5 49. Qf3 h5
50. Bh6 h4+ 51. Kf2 Rd2+ 0-1

[Event "Griesheim GM 3rd"]
[Site "Griesheim"]
[Date "2003.01.31"]
[Round "3"]
[White "Agrest, Evgenij"]
[Black "Grabarczyk, Miroslaw"]
[Result "1-0"]
[WhiteElo "2574"]
[BlackElo "2506"]
[Annotator "Meulders,R"]
[PlyCount "77"]
[EventDate "2003.01.29"]
[EventType "tourn"]
[EventRounds "9"]
[EventCountry "GER"]
[EventCategory "11"]
[SourceTitle "CBM 094"]
[Source "ChessBase"]
[SourceDate "2003.05.26"]
[SourceVersion "1"]
[SourceVersionDate "2003.05.26"]
[SourceQuality "1"]

1. c4 c6 2. e4 e5 3. Nc3 Nf6 4. Nf3 d6 5. d4 Nbd7 6. Be2 Be7 7. O-O O-O 8. h3
a6 9. a3 b5 10. Be3 Bb7 11. Qc2 Re8 12. Rfd1 {Alles schon manchmal dagewesen.
Der übliche Zug ist jetzt Qc7. Die Dame steht dann ungededeckt auf der c-Linie,
aber die Türme sind verbunden. Natürlich ist c7 ein 'natürliches'
Entwicklungsfeld für die Dame.} Qb8 {Exotischer als Qc7. Die Dame steht jetzt
sehr sicher aber sie steht vorläufig Ra8 im Wege.} 13. Rab1 (13. b4 exd4 14.
Nxd4 Bf8 15. Nf5 Ne5 16. c5 dxc5 17. bxc5 Re6 18. f4 Ned7 19. Nd6 Nxc5 20. Bxc5
Bxd6 21. Bxd6 Rxd6 22. e5 Rxd1+ 23. Rxd1 Nd5 24. Nxd5 cxd5 25. Bf3 Qa7+ 26. Kh1
h6 27. Qc7 Rc8 28. Qd7 Qb8 29. Bh5 Rf8 {zu passiv} (29... g6 30. e6 gxh5 31.
Qxf7+ Kh8 32. Qf6+ $11) (29... Rc7 30. Qd6 Rc8 31. Qd7 $11) 30. Rc1 d4 31. Rc7
Bd5 32. f5 Qa8 33. e6 Bxg2+ 34. Kh2 Qd5 (34... Bh1 $1) 35. Qxf7+ {1-0 Krizsany,
L-Khudiakov,I/Harkany 1993/EXT 97 (35)} (35. Qxf7+ Rxf7 36. exf7+ Qxf7 37.
Bxf7+ $18)) 13... Bf8 {Der B tritt bescheiden zurück, profylaktisch gegen
einem eventuellen N f5.} 14. dxe5 (14. d5) (14. d5) 14... Nxe5 15. Nxe5 dxe5
16. b4 $14 Rd8 17. Bb6 $1 Rd7 18. Ba5 {Der Läufer am Rand ist keine Schand,
weil er d8 kontrolliert, ein wichtiges Eindringungsfeld für einen weißen Turm.}
Qe8 19. Rxd7 Qxd7 20. c5 $1 {[%csl Rb7]} Bc8 21. Rd1 Qb7 22. Qd3 {Weiß hat die
Stellung fest im Griff. Besonders der Druck ausgeübt vom Ba5 ist sehr
unangenehm für Schwarz.} Bd7 23. Rd2 $1 {[%cal Ge2d1,Gd1b3,Gb3f7]} Re8 24. Qb1
h5 $6 {Aktivität in der Leere.} 25. Bd1 Qc8 26. Bb3 Be6 (26... Bxh3 $2 {
ist nur Unsinn:} 27. gxh3 Qxh3 28. Qd3 $18) 27. Qa2 Bxb3 28. Qxb3 Re7 $4 {
Eine sehr unglückliche Entscheidung. Warum dem weißen Turm das Feld d8 in
Geschenkpackung anbieten?} (28... Be7 {ist logisch, +=}) 29. Rd8 Qb7 30. Nd5 {
Ein berechnetes Risiko.} cxd5 31. exd5 Qa7 32. c6 Qd4 {[%csl Gc6][%cal Gc6c8]}
33. c7 Rxc7 34. Bxc7 Ne4 35. Qc2 f6 36. d6 Kf7 37. d7 Be7 38. Rh8 Nd2 {Noch
ein kleiner Witz in Zeitnot.} 39. Qa2+ {Eben doch mal aufpassen!} (39. d8=Q $4
Qa1+ 40. Kh2 Nf1+ 41. Kg1 Nd2+ $11) 1-0